All WCW Pay-Per-View (PPV) Event Names - Statistics

General Stats
  • This quiz has been taken 382 times
  • The average score is 14 of 24
Answer Stats
Years Held Usually Held Event % Correct
1983 - 2000 December Starrcade
95%
1989 - 2000 October Halloween Havoc
90%
1994 - 2000 July Bash at the Beach
89%
1985 - 1992, 1995 - 2000 June / July The Great American Bash
86%
1993 - 2000 September Fall Brawl
74%
1997 - 2000 January Souled Out
74%
1997 - 1999 August Road Wild
73%
2001 January Sin
73%
1996 August Hog Wild
72%
2001 March Greed
68%
1995 - 1998 November World War 3
68%
1991 - 2001 February SuperBrawl
62%
1993 - 2000 May Slamboree
61%
1994, 1997 - 2000 April Spring Stampede
60%
1995 - 2000 March Uncensored
57%
1992 - 1993 June / July Beach Blast
47%
1999 - 2000 November Mayhem
45%
2000 August New Blood Rising
41%
1989 February Chi-Town Rumble
35%
1993 November Battlebowl
34%
1989 - 1992 February / May WrestleWar
34%
1988 January The Bunkhouse Stampede Finals
27%
1990 May Capital Combat
23%
1991 - 1993 March Japan Supershow
12%
No matching quizzes found
Score Distribution
Percent of People with Each Score
Percentile by Number Answered
Your Score History
You have not taken this quiz